000 00392nam a2200157Ia 4500
008 230917s9999||||xx |||||||||||||| ||und||
040 _e141182
_aMAIN
041 _aEnglish
082 _a346.022 M91I(13)
100 _aMulla
245 0 _aIndian contract and specific relief acts
250 _a13th ed.
260 _aDelhi
_bLexisNexis
_c2006
300 _avarious pages p.
942 _cBK
999 _c140393
_d140393